000
00195 a2200097 4500
020
_a
9789584516695
041
_a
spa
100
_a
Ferida Wolff
245
_a
La manta de las historias
942
_c
BK
999
_c
11440
_d
11440